| 000 | 00461cam a22001337a 4500 | ||
|---|---|---|---|
| 008 | 180718b1962 xxu||||| |||| 00| 0 eng d | ||
| 082 | _aF51x54 P812G | ||
| 245 |
_a1962 General elections in India _cedited by Sundar Lal Poplai |
||
| 260 |
_aBombay _bAllied Publishers _c1962 |
||
| 300 | _a420P | ||
| 500 | _aIssued under the auspices of the Diwan Chand Indian Information Centre, New Delhi | ||
| 650 | _aPolitical campaigns --India | ||
| 700 | _aPoplai, Sundar Lal | ||
| 999 |
_c426369 _d426369 |
||